ပီမႂ်ႇတႆးလႄႈၽိင်ႈၵေႃႇၸဵင်။ (Record no. 23667)
[ view plain ]
| 000 -LEADER | |
|---|---|
| fixed length control field | 00936nam a22002177a 4500 |
| 003 - CONTROL NUMBER IDENTIFIER | |
| control field | OSt |
| 005 - DATE AND TIME OF LATEST TRANSACTION | |
| control field | 20260127160006.0 |
| 008 - FIXED-LENGTH DATA ELEMENTS--GENERAL INFORMATION | |
| fixed length control field | 230402b ||||| |||| 00| 0 eng d |
| 040 ## - CATALOGING SOURCE | |
| Transcribing agency | Ost |
| 041 ## - LANGUAGE CODE | |
| Language code of text/sound track or separate title | Shan |
| 082 ## - DEWEY DECIMAL CLASSIFICATION NUMBER | |
| Classification number | 928.95919 |
| 245 ## - TITLE STATEMENT | |
| Title | ပီမႂ်ႇတႆးလႄႈၽိင်ႈၵေႃႇၸဵင်။ |
| Statement of responsibility, etc. | ႁႅင်ႈသၢမ်ၶၢဝ်း (မွၼ်လူင်) ၵဵပ်းႁွမ်- |
| 260 ## - PUBLICATION, DISTRIBUTION, ETC. | |
| Place of publication, distribution, etc. | ဝဵင်းလိူဝ်ႇ |
| Name of publisher, distributor, etc. | ဢွင်ႇသပေႇ |
| Date of publication, distribution, etc. | 2018 |
| 500 ## - GENERAL NOTE | |
| General note | မႆ 2353 လႄႈ 2354 ပဵၼ်ပပ်ႉၸဝ်ႈတႃႇၼႁၢင်ႈၶေႃ တွၵ်ႉတိူဝ်ႇၸၢႆးဢွင်ႇထုၼ်း |
| General note | S-SAT: Dr. Prof Sai Aung Tun |
| 650 ## - SUBJECT ADDED ENTRY--TOPICAL TERM | |
| Topical term or geographic name entry element | ပိုၼ်း-ၸဝ်ႈၶူးမေႃတႆး |
| Topical term or geographic name entry element | ၽိင်ႈထုင်းတႆး |
| 942 ## - ADDED ENTRY ELEMENTS (KOHA) | |
| Koha item type | Books (Long term) |
| 650 ## - SUBJECT ADDED ENTRY--TOPICAL TERM | |
| 9 (RLIN) | 22689 |
| Source of classification or shelving scheme | |
| Source of classification or shelving scheme | |
| Withdrawn status | Lost status | Source of classification or shelving scheme | Damaged status | Not for loan | Collection Code | Permanent Location | Current Location | Shelving location | Date acquired | Total Checkouts | Full call number | Barcode | Date last seen | Date last checked out | Copy number | Price effective from | Koha item type | Accession |
|---|---|---|---|---|---|---|---|---|---|---|---|---|---|---|---|---|---|---|
| Tai Collection | Shan State Buddhist University Library | Shan State Buddhist University Library | Tai Shelves | 02/04/2023 | 5 | 928.95919 ပီ ႑႑႒႗(1) | SH00001127 | 29/01/2026 | 08/01/2026 | 1 | 02/04/2023 | Books (Long term) | ႑႑႒႗(1) | |||||
| Tai Collection | Shan State Buddhist University Library | Shan State Buddhist University Library | Tai Shelves | 02/04/2023 | 1 | 928.95919 ပီ ႑႑႒႘(2) | SH00001128 | 06/07/2024 | 13/06/2024 | 2 | 02/04/2023 | Books (Long term) | ႑႑႒႘(2) | |||||
| Tai Collection | Shan State Buddhist University Library | Shan State Buddhist University Library | Tai Shelves | 02/04/2023 | 1 | 928.95919 ပီ ႑႑႒႙(3) | SH00001129 | 09/04/2025 | 26/03/2025 | 3 | 02/04/2023 | Books (Long term) | ႑႑႒႙(3) | |||||
| Tai Collection | Shan State Buddhist University Library | Shan State Buddhist University Library | Tai Shelves | 02/04/2023 | 1 | 928.95919 ပီ ႑႗႑႕(4) | SH00001715 | 28/09/2024 | 21/09/2024 | 4 | 02/04/2023 | Books (Long term) | ႑႗႑႕(4) | |||||
| Tai Collection | Shan State Buddhist University Library | Shan State Buddhist University Library | Special Collection Shelves | 02/04/2023 | 928.95919 ပီ ႒႓႕႓(1) S-SAT | SH00002353 | 02/04/2023 | 1 | 02/04/2023 | Book (Short term) | ႒႓႕႓(1) S-SAT | |||||||
| Tai Collection | Shan State Buddhist University Library | Shan State Buddhist University Library | Special Collection Shelves | 02/04/2023 | 928.95919 ပီ ႒႓႕႔(2) S-SAT | SH00002354 | 02/04/2023 | 2 | 02/04/2023 | Book (Short term) | ႒႓႕႔(2) S-SAT |